banner-ar

تاريخ بجوى ابراهيم افندى : (Record no. 64233)

MARC details
000 -الفاتح
حقل البيانات ثابتة الطول 01360nam a22002537a 4500
005 - وقت وتاريخ اخر تعامل مع التسجيلة
رقم الضبط 20240530110721.0
008 - عناصر البيانات ثابتة الطول - معلومات عامة
حقل البيانات ثابتة الطول 180325s2015 ua g 000 0dara d
017 ## - رقم الايداع القانونى
رقم الايداع القانونى 2015/5563
المصدر ( الهيئة المختصة) مصر. دار الكتب
020 ## - الرقم الدولى المعيارى للكتب
الرقم الدولى المعيارى للكتاب 9789779201818
040 ## - مصدر الفهرسة
وكالة الفهرسة الأصلية EG-CaGPL
وكالة النسخ EG-CaGPL
082 04 - رقم تصنيف ديوى العشرى
رقم الطبعة 21
رقم التصنيف 953.09 /
رقم المادة ن ت
245 00 - بيان العنوان
العنوان تاريخ بجوى ابراهيم افندى :
بقية العنوان التاريخ السياسى والعسكرى للدولة العثمانية /
بيان المسئوليه,etc ترجمة وتقديم ناصر عبدالرحيم حسين
250 ## - بيان الطبعة
بيان الطبعة ط.1
260 ## - PUBLICATION, DISTRIBUTION, ETC. (IMPRINT)
تاريخ النشر أو التوزيع 2015.
300 ## - الوصف المادى
التعداد 2 مج ؛
أبعاد الوعاء 24 سم.
490 0# - بيان السلسلة
عنوان السلسلة المركز القومى للترجمة ؛
رقم المجلد/ التعيين التسلسلي 2269.
490 0# - بيان السلسلة
عنوان السلسلة المركز القومى للترجمة ؛
رقم المجلد/ التعيين التسلسلي 2270.
500 ## - تبصرة عامة
تبصرة عامة المجلد الاول، من عهد السلطان سليمان القانونى حتى عهد السلطان الاول -- المجلد الثانى، من عهد السلطان مراد الثالث حتى عهد السلطان مراد الرابع.
650 07 - المدخل الاضافى بالموضوع-مصطلح موضوعى
مصدر الرأس أو المصطلح qrmak
مصطلح موضوعي العالم العربى
التقسيم الفرعي العام تاريخ
التقسيم الفرعي الزمني العصر العثمانى
651 07 - المدخل الاضافى بالموضوع - اسم جغرافى
مصدر الرأس أو المصطلح qrmak
الاسم الجغرافي الامبراطورية العثمانية
700 0# - المدخل الاضافى - اسم شخصى
الإسم الشخصى ناصر عبدالرحيم حسين
الدور مترجم ومقدم
942 ## - عناصر المدخل الإضافي( كوها)
مصدر التصنيف او مخطط الترفيف Dewey Decimal Classification
Koha [default] item type كتاب
260 ## - PUBLICATION, DISTRIBUTION, ETC. (IMPRINT)
-- القاهرة :
-- المركز القومى للترجمة ،
Holdings
حالة التراجع حالة الفقد حالة تلف ليس للاعارة المكان المؤقت الموقع الحالى موقع الترفيف تاريخ الاكتساب اجمالي اﻻعارات رقم الطلب الباركود تاريخ اخر مشاهدة تاريخ تفعيل السعر نوع وعاء كوها
        مكتبة القاهرة الكبرى مكتبة القاهرة الكبرى القاعة الرئيسية 03/25/2018   953.09 / ن ت 164387 03/25/2018 03/25/2018 كتاب
        مكتبة القاهرة الكبرى مكتبة القاهرة الكبرى القاعة الرئيسية 03/25/2018   953.09 / ن ت 164388 03/25/2018 03/25/2018 كتاب

Powered By

EGPV